000 00636nam a22002172 4500
001 0000020848
005 20151217145928.0
008 111021s xx 000 0 eng d
020 _a0199574148 :
040 _aKABU
_cKABU
100 1 _aTapper, Colin.
_@0000181448
245 1 0 _aCross and Tapper on evidence /
_cColin Tapper.
250 _a12th ed.
260 _aOxford :
_bO. U. P.,
_c2010.
300 _acxxxviii, 735 p.
650 0 _aEvidence (Law)
_zGreat Britain.
_@0000160151
700 1 _aCross, Rupert.
_@0000177788
852 1 _9p4680 KES
908 _a111021
950 _@1
999 _c4193
_d4193